000 00654cam a2200229 4500
001 B2689
008 090401t1931 xxu||||| |||| 00| 0 eng d
035 _a(Sirsi) u51479
041 _aeng
050 _a347.4109
100 _aCreswell, H. B.
245 _aJago v. Swillerton & Toomer
260 _aLondon
_bArchitectural Press
_c1931
300 _axii,164p. ; 18cm.
350 _a8
650 _aMANAGEMENT-DISPUTE AVOIDANCE, MANAGEMENT AND RESOLUTION-DISPUTE MANAGEMENT AND RESOLUTION-ARBITRATION
650 _aBUILT ENVIRONMENT-BUILDING CONTRACT FORMS
650 _aLIABILITY
650 _aNEGLIGENCE
942 _n0
948 _c04/03/1997
999 _c92906
_d92906